| 000 | 01803cab a2200301 ab4500 | ||
|---|---|---|---|
| 005 | 20231106135227.0 | ||
| 008 | 991125c2016 ck fr p o 000 0 spa d | ||
| 035 | _aUPN01000218186 | ||
| 040 |
_aMX-MxUPN _bspa _cMX-MxUPN _eaacr2 |
||
| 049 | _aART-E | ||
| 100 | 1 | _aEchavarría Molsalve, Jazmín Andrea | |
| 100 | 1 | _aBohórquez Pérez, Leydy Johana | |
| 100 | 1 | _aMoreno Rodríguez, Yeicy | |
| 100 | 1 | _aOrtiz Gómez, Deysy | |
| 100 | 1 | _aRodríguez Bustamante, Alexander | |
| 245 | 1 | 0 |
_aVinculos familiares: _bdinámica relacional influyente en la personalidad del niño _h[recurso electrónico en línea] |
| 506 | 0 | _aAcceso abierto | |
| 520 | 3 | _aEl presente texto de reflexión se ha originado a partir de las voces de autores que han hecho una reflexión académica relacionada con los vínculos, la dinámica y la personalidad del niño, y que dan cuenta del papel que juega la familia en la construcción identitaria del mismo, permitiéndole al lector reinventar su manera de leer el contexto de la diada vínculo familiar-personalidad, en el que se entiende al niño, como un ser en pleno desarrollo e influenciable por el otro u otros, y capaz de resignificar su entorno mediante la interacción social, donde aparece el proceso comunicativo como un elemento determinante en las dinámicas que atraviesa la psique y pone en juego la construcción de la personalidad. Poiesis | |
| 653 | 0 | _aDinámica familiar | |
| 653 | 0 | _aPersonalidad del niño | |
| 653 | 0 | _aInteracción social | |
| 653 | 0 | _aComunicación | |
| 773 |
_gNo. 30 (2016), p. 138-144 _tPoiesis: revista electrónica de psicología social _x1692-0945 |
||
| 856 | 4 | _uhttp://www.funlam.edu.co/revistas/index.php/poiesis/article/view/1863/1488 | |
| 902 | _bLeonor Sotres/061123 | ||
| 905 | _aArticulo | ||
| 942 | _cART-E | ||
| 999 |
_c190286 _d190286 |
||